000 01093cam a22002054a 4500
005 20250605164234.0
008 250528s ||||||||||||||||||||||||d
035 _a21062
020 _a9780333960219
040 _aGR-AtMCL
_bgre
_dGR-AtMCL
_eAACR2
245 1 _aAn Introduction to Psychodynamic Counselling / Basic Texts in Counselling and Psychotherapy
250 _a1st
260 _bPalgrave Macmillan,
_c2004
300 _a158
520 _aAn authoritative and accessible introduction to the basic principles of psychodynamic counselling. Acknowledgements, Introduction, The Basic Principles of Therapeutic Practice and the Concept of Containment, The Setting, Theory I: The Developmental Point of View and the Oedipus Complex, Theory II: The Internal World and the Depressive and Paranoid - Schizoid Modes of Experience, Transference and Its Manifestations, Working in the Transference, Working with More Disturbed Clients, The Organizational Framework, Appendix, References, Index.
700 1 _aSpurling Laurence
_97097
942 _cBK
999 _c6133
_d6133